Algebraic groups and class fields /
Guardado en:
| Autor Principal: | |
|---|---|
| Formato: | Libro |
| Idioma: | English French |
| Publicado: |
New York :
Springer-Verlag,
c1988.
|
| Series: | Graduate texts in mathematics ;
117 |
| Etiquetas: |
Agregar Etiqueta
Sin Etiquetas, Sea el primero en etiquetar este registro!
|
| LEADER | 00816nam a22002295a 4500 | ||
|---|---|---|---|
| 001 | MAT.inmabb000077 | ||
| 008 | 871113s1988####nyu######b####001#0#eng## | ||
| 005 | 20130304123117.0 | ||
| 245 | 1 | 0 | |a Algebraic groups and class fields / |c Jean-Pierre Serre. |
| 260 | |a New York : |b Springer-Verlag, |c c1988. | ||
| 300 | |a ix, 207 p. ; |c 25 cm. | ||
| 440 | 0 | |a Graduate texts in mathematics ; |v 117 | |
| 500 | |a Traducción de: Groupes algébriques et corps de classes. Paris: Hermann, 1975. | ||
| 504 | |a Includes bibliographies and index. | ||
| 510 | 4 | |a MR, |c 88i:14041 | |
| 020 | |a 038796648X | ||
| 020 | |a 354096648X | ||
| 100 | 1 | |a Serre, Jean-Pierre. | |
| 240 | 1 | 0 | |a Groupes algébriques et corps de classes. |l Inglés |
| 084 | |a 14K30 (11G45 11S31 14L40) |2 msc2000 | ||
| 041 | 1 | |a eng |h fre | |
| 859 | |h 14 |i Se488-2 |p A-7777 |b BIB. MATEMATICA | ||
